Introduction to Information Systems /

Jim O’Brien’s Introduction to Information Systems 11/E has been thoroughly revised to reflect the movement toward enterprise-wide business applications. All real world case studies have been updated to correspond with this movement as well. The text’s focus is on teaching the general business manage...

Volledige beschrijving

Bewaard in:
Bibliografische gegevens
Hoofdauteur: Marakas George
Andere auteurs: O Brien Jame A
Formaat: Boek
Taal:Vietnamese
Gepubliceerd in: American : McGraw Hill/Irwin , 2005
Editie:Tái bản lần thứ 12
Onderwerpen:
Tags: Voeg label toe
Geen labels, Wees de eerste die dit record labelt!
Thư viện lưu trữ: Thư viện Trường CĐ Kỹ Thuật Cao Thắng
LEADER 01559nam a2200277 a 4500
001 TVCDKTCT6529
003 Thư viện trường Cao đẳng Kỹ thuật Cao Thắng
005 20070404000000
008 070404
980 \ \ |a Thư viện Trường CĐ Kỹ Thuật Cao Thắng 
024 |a RG_1 #1 eb0 i1 
020 # # |a 0-07-289042-8 
041 0 # |a vie 
082 # # |a 658.4 038 /   |b J104S-i 
100 1 # |a Marakas George 
245 0 0 |a Introduction to Information Systems /  |c Marakas George, O Brien Jame A 
250 # # |a Tái bản lần thứ 12 
260 # # |a American :  |b McGraw Hill/Irwin ,  |c 2005 
300 # # |a 536tr. ;  |c 28cm 
520 # # |a Jim O’Brien’s Introduction to Information Systems 11/E has been thoroughly revised to reflect the movement toward enterprise-wide business applications. All real world case studies have been updated to correspond with this movement as well. The text’s focus is on teaching the general business manager how to use and manage the most current IT technologies like the Internet, Intranets, and Extranets for electronic commerce and enterprise collaboration, and how IT contributes to competitive advantage, reengineering business processes, and decision making. The coverage of security has been boosted in this edition to respond to increased threats of computer crime 
650 # 4 |a Hệ thống thông tin 
650 # 4 |a Business--Data processing 
650 # 4 |a Management -Data processing 
650 # 4 |a Management infomation systems 
650 # 4 |a Electronic Commerce 
700 0 # |a O Brien Jame A